000 00863pam a2200313 i 4500
003 OSt
005 20140310184518.0
008 750930s1975 nyu j 000 1 eng
010 _a 75033306
020 _a0590225634
040 _aDLC
_cDLC
_dDLC
042 _alcac
050 0 0 _aPZ 7
_b.B1135Tu 1975
100 1 _aBabbitt, Natalie.
_925028
245 1 0 _aTuck everlasting /
_cNatalie Babbitt.
250 _a1st ed.
260 _aNew York :
_bFarrar, Straus, Giroux,
_c1975.
300 _a139 p. :
_c22 cm.
521 _aG5
526 _c770
650 1 _aImmortality
_vFiction.
_929617
650 1 _aAging
_vFiction.
_929618
650 1 _aSecrets
_vFiction.
_929619
655 7 _aJuvenile literature
_y1975.
_2rbgenr
_929620
906 _a0
_bcbc
_corignew
_d1
_eocip
_f19
_gy-gencatlg
942 _2lcc
_cBK-SCHOLAS
999 _c34985
_d34985